[Event "Botvinnik Memorial 2012"]
[Site "St Petersburg RUS"]
[Date "2012.08.26"]
[Round "2.73"]
[White "Manin,V"]
[Black "Bezulenko,E"]
[Result "1-0"]
[WhiteElo "2181"]
[BlackElo "1915"]

1.d4 Nf6 2.g3 e6 3.c4 Bb4+ 4.Nd2 Ne4 5.Nf3 b6 6.Bg2 Bb7 7.O-O Nxd2 8.Bxd2 Be7
9.Qb3 O-O 10.Rac1 d6 11.Rfd1 Nd7 12.Be3 Qc8 13.Qa4 c5 14.b4 cxb4 15.Qxb4 Qc7
16.Bf4 e5 17.dxe5 Nxe5 18.Nd4 Bxg2 19.Kxg2 Qb7+ 20.Kg1 d5 21.c5 Nc6 22.Qb5 Rac8
23.Nf5 Rfd8 24.cxb6 a6 25.Qb3 Bf8 26.Bc7 Rd7 27.Rxd5 Nb8 28.Rcd1 Rdxc7 29.bxc7 Qxc7
30.Qd3 g6 31.Nd6 Rd8 32.Ne4 Rxd5 33.Qxd5 Qe7 34.Rb1 Nd7 35.Rb7  1-0

[Event "24th Schlosspark Open"]
[Site "Wiesbaden GER"]
[Date "2012.08.26"]
[Round "6.43"]
[White "Mang,Markus"]
[Black "Gentner,M"]
[Result "0-1"]
[WhiteElo "1827"]
[BlackElo "2026"]

1.d4 Nf6 2.c4 e6 3.g3 Bb4+ 4.Bd2 a5 5.Bg2 O-O 6.a3 Be7 7.Nc3 d5 8.Nf3 dxc4
9.Bg5 Nbd7 10.O-O h6 11.Bf4 Nd5 12.Bc1 Rb8 13.Qa4 N7b6 14.Qc2 Nxc3 15.Qxc3 Nd5
16.Qxc4 b5 17.Qc2 Bf6 18.e4 Nb6 19.Bf4 Rb7 20.Rfd1 g5 21.Be5 a4 22.Bf1 Bd7
23.Rac1 Bxe5 24.dxe5 g4 25.Nd4 Qg5 26.Qc5 Nc4 27.Bxc4 bxc4 28.Rxc4 Rxb2 29.Qxc7 Rc8
30.Qxd7 Rxc4 31.Nxe6 Qh5 32.Qe8+ Kh7 33.Qf8 Qg6 34.Rd7 Rc1+ 35.Kg2 Qxe4+  0-1

[Event "19th Graz Open 2012"]
[Site "Graz AUT"]
[Date "2012.08.27"]
[Round "3.4"]
[White "Spindelboeck,G"]
[Black "Zorko,Ju"]
[Result "0-1"]
[WhiteElo "2227"]
[BlackElo "2476"]

1.d4 Nf6 2.c4 e6 3.g3 Bb4+ 4.Bd2 Qe7 5.Bg2 Nc6 6.Nf3 Bxd2+ 7.Qxd2 Ne4 8.Qc2 Qb4+
9.Kf1 f5 10.a3 Qe7 11.Nc3 Nxc3 12.Qxc3 d6 13.d5 Nd8 14.Re1 e5 15.b4 O-O 16.h4 f4
17.gxf4 Rxf4 18.e3 Rf6 19.Ng5 Nf7 20.Ne4 Rh6 21.h5 Bg4 22.c5 Rxh5 23.Rg1 Rf8
24.Rc1 Rh2 25.Qd2 Qh4 26.cxd6 Nxd6 27.Nxd6 cxd6 28.b5 g6 29.a4 Bh3 30.Rc7 Bxg2+
31.Rxg2 Qh3 32.f4 exf4 33.exf4 Rxf4+ 34.Kg1 Rh1+  0-1

[Event "37th Trade Fair Open A"]
[Site "Brno CZE"]
[Date "2012.08.31"]
[Round "7"]
[White "Gleizerov,E"]
[Black "Cvek,R"]
[Result "1/2-1/2"]
[WhiteElo "2569"]
[BlackElo "2549"]

1.d4 Nf6 2.c4 e6 3.g3 Bb4+ 4.Bd2 Qe7 5.Bg2 Nc6 6.Nf3 Bxd2+ 7.Nbxd2 O-O 8.O-O d6
9.e4 e5 10.d5 Nb8 11.Ne1 a5 12.Nd3 Na6 13.f4 Nd7 14.a3 Nac5 15.Nxc5 dxc5
16.Qc2 Ra6 17.Qc3 a4 18.Rae1 Re8 19.Nf3 Rb6 20.Rf2 Rb3 21.Qa5 exf4 22.gxf4 Nb6
23.Rc2 Bh3 24.Qd2 Bxg2 25.Kxg2 Qd7 26.f5 f6 27.Qf2 Qe7 28.e5  1/2-1/2

[Event "World Youth U16 Olympiad 2012"]
[Site "Istanbul TUR"]
[Date "2012.08.31"]
[Round "4.19"]
[White "De Abreu,Roberto N"]
[Black "Gorbanovsky,O"]
[Result "0-1"]
[WhiteElo "1970"]
[BlackElo "1968"]

1.d4 Nf6 2.c4 e6 3.g3 Bb4+ 4.Bd2 Qe7 5.Bg2 O-O 6.Nf3 d5 7.O-O Nbd7 8.Bf4 dxc4
9.Bxc7 Nd5 10.Bf4 Nxf4 11.gxf4 f6 12.e4  0-1

[Event "US Chess League 2012"]
[Site "ICC INT"]
[Date "2012.09.10"]
[Round "2"]
[White "Milat,M"]
[Black "Hansen,Car"]
[Result "1/2-1/2"]
[WhiteElo "2300"]
[BlackElo "2272"]

1.d4 Nf6 2.c4 e6 3.g3 Bb4+ 4.Bd2 Bxd2+ 5.Qxd2 d5 6.Nf3 O-O 7.Bg2 Qe7 8.O-O Rd8
9.Qc2 Nc6 10.Nbd2 dxc4 11.e3 e5 12.Nxe5 Nxe5 13.dxe5 Qxe5 14.Nxc4 Qc5 15.Rfc1 Bf5
16.Qc3 c6 17.Qa5 Qxa5 18.Nxa5 Rab8 19.b4 Be4 20.f3 Bd3 21.e4 Ba6 22.Rd1 Kf8
23.Kf2 Rxd1 24.Rxd1 Bb5 25.Bf1 Bxf1 26.Kxf1 Ke7 27.Ke2 g5 28.Ke3 Ke6 29.h3 Nd7
30.f4 gxf4+ 31.gxf4 c5 32.b5 Nb6 33.Kf3 f6 34.Ke3 Rg8 35.Nxb7 Rg3+ 36.Kf2 Rxh3
37.Nxc5+ Ke7 38.a4 Rc3 39.Rh1 Rxc5 40.Rxh7+ Ke6 41.Rxa7 Nxa4 42.Ra6+ Kf7
43.Rxa4 Rxb5 44.Ra6 Rb3 45.Ke2 Rh3 46.Rd6 Ra3 47.Rd3 Ra1 48.Kf3 Rg1 49.Rb3 Ra1
50.Rb7+ Kf8 51.Kg4 Ra5 52.Rd7 f5+ 53.exf5 Ra6 54.Rb7 Rc6 55.Kg5 Ra6 56.Rh7 Kg8
57.Re7 Kf8 58.Re6 Ra7 59.Rf6+ Kg7 60.Rg6+ Kf7 61.f6 Ra5+ 62.f5 Ra1 63.Rg7+ Kf8
64.Rb7 Rg1+ 65.Kf4 Rf1+ 66.Ke5 Re1+  1/2-1/2

[Event "US Chess League 2012"]
[Site "ICC INT"]
[Date "2012.09.12"]
[Round "2"]
[White "Gater,Daniel"]
[Black "Pellows,B"]
[Result "0-1"]
[WhiteElo "2134"]
[BlackElo "2084"]

1.d4 Nf6 2.c4 e6 3.g3 Bb4+ 4.Bd2 c5 5.Nf3 Qb6 6.Nc3 Nc6 7.Na4 Qa6 8.Bxb4 cxb4
9.c5 b5 10.cxb6 axb6 11.b3 Qa5 12.Bg2 Ba6 13.O-O O-O 14.Re1 d5 15.Rc1 Rac8
16.Qd2 Bb5 17.Rc2 Bxa4 18.bxa4 Qxa4 19.Rec1 Ne4 20.Qd3 Nc3 21.Ng5 g6 22.e4 Nxd4
23.Qxd4 Ne2+ 24.Rxe2 Rxc1+ 25.Bf1 Qb5 26.Qd2 Rfc8 27.Re1 Qc5 28.Qf4 Rc7 29.Rxc1 Qxc1
30.Qh4 h5 31.exd5 exd5 32.Nf3 Qc5 33.Bd3 Re7 34.Qf6 Re6 35.Qf4 Qc3 36.Bf1 Rf6
37.Qb8+ Kg7 38.Ne5 Qb2 39.Nd3 Qxa2 40.Qe5 Qc4 41.Nf4 Qc3 42.Qxd5 b3 43.Qe4 Rf5
44.Bd3 b2 45.Bc2 Re5 46.Qd3 Re1+ 47.Kg2 Qxd3 48.Nxd3 b1=Q  0-1

[Event "TCh-NED Meesterklasse 2012-13"]
[Site "Den Bosch NED"]
[Date "2012.09.15"]
[Round "1.7"]
[White "Wempe,Jo"]
[Black "Peng Zhaoqin"]
[Result "1/2-1/2"]
[WhiteElo "2280"]
[BlackElo "2411"]

1.d4 Nf6 2.c4 e6 3.g3 Bb4+ 4.Bd2 Qe7 5.Nf3 Nc6 6.Bg2 Bxd2+ 7.Nbxd2 d6 8.O-O a5
9.e4 e5 10.d5 Nb8 11.Ne1 h5 12.f4 h4 13.Nd3 hxg3 14.hxg3 Nbd7 15.Qe1 Ng4
16.Nf3 b6 17.Qc3 Rh5 18.Rae1 Nc5 19.Nxc5 bxc5 20.a4 Bd7 21.Re2 Qf6 22.fxe5 Nxe5
23.Nxe5 Qxe5 24.Qxe5+ Rxe5 25.b3 Ke7 26.Kf2 Rf8 27.Ke1 Rb8 28.Re3 c6 29.dxc6 Bxc6
30.Rf5 Rh8 31.Rxe5+ dxe5 32.Kf2 Rd8 33.Bf3 g6 34.Ke2 Rd4 35.Kf2 Kd6 36.Ke2 Ke6
37.Kf2 Kf6 38.Ke2 Kg5 39.Kf2 f6 40.Ke2 Bd7 41.Rd3 Rxd3 42.Kxd3 Bc6 43.Ke3 Bb7
44.Be2 f5 45.Bf3 f4+ 46.Kf2 Bc8 47.Kg2 Bg4 48.Kf2 fxg3+ 49.Kxg3 Bxf3 50.Kxf3 Kh4
51.Ke3 Kg5 52.Ke2 Kf6 53.Kf2 g5 54.Kg3 Kg7 55.Kf3 Kh6 56.b4 axb4 57.a5 b3
58.a6 b2 59.a7 b1=Q 60.a8=Q  1/2-1/2

[Event "Caissa GM Sept 2012"]
[Site "Kecskemet HUN"]
[Date "2012.09.17"]
[Round "3.2"]
[White "Ashwin,J"]
[Black "Gupta,B"]
[Result "1-0"]
[WhiteElo "2473"]
[BlackElo "2218"]

1.d4 Nf6 2.c4 e6 3.g3 Bb4+ 4.Bd2 Qe7 5.Nf3 Nc6 6.Nc3 O-O 7.Bg2 Na5 8.b3 b6
9.O-O Bb7 10.Qc2 Rac8 11.a3 Bxc3 12.Bxc3 Be4 13.Qb2 Nb7 14.Rfe1 d5 15.Bh3 c5
16.Nd2 dxc4 17.dxc5 Nxc5 18.Nxc4 Rfd8 19.Ne3 Ne8 20.Rad1 Rxd1 21.Rxd1 Rd8
22.Rc1 a5 23.Qa2 Nf6 24.b4 Na4 25.Bxf6 Qxf6 26.bxa5 b5 27.Qb3 Qe5 28.Bg2 Bxg2
29.Kxg2 h6 30.Qb4 Ra8 31.Rc6 Kh7 32.a6 Ra7 33.Qb1+ g6 34.Qb4 Kg7 35.Rc8 Kh7
36.Ng4 Qg7 37.Qxb5  1-0

[Event "TCh-SRB Prem w 2012"]
[Site "Valjevo SRB"]
[Date "2012.09.18"]
[Round "2.4"]
[White "Maksimovic,S"]
[Black "Miladinovic,L"]
[Result "1-0"]
[WhiteElo "2223"]
[BlackElo "2112"]

1.d4 Nf6 2.c4 e6 3.g3 Bb4+ 4.Bd2 Qe7 5.Nf3 Nc6 6.Nc3 O-O 7.Bg2 d6 8.O-O Bxc3
9.Bxc3 Ne4 10.Be1 f5 11.b4 b6 12.d5 Nd8 13.dxe6 Bb7 14.Nd4 Nxe6 15.f3 N4g5
16.Nb5 Nf7 17.Bf2 Ne5 18.Qb3 Kh8 19.Rac1 f4 20.Nc3 Ng6 21.Nd5 Qg5 22.e3 fxg3
23.hxg3 Rae8 24.f4 Qh5 25.Qd1 Qh6 26.e4 Ne7 27.Rc3 Ng8 28.Ra3 Ra8 29.Be3 Bxd5
30.cxd5 Nd8 31.e5 Qg6 32.Bd4 Ne7 33.g4 dxe5 34.Bxe5 Rc8 35.Rxa7 Nf7 36.Bxc7 Nd6
37.a4 b5 38.Qd4 bxa4 39.f5 Ndxf5 40.gxf5 Nxf5 41.Qf4 h5 42.Kh2 Nh6 43.Qxf8+ Rxf8
44.Rxf8+ Kh7 45.Rf4 Ng4+ 46.Kh3 Qd3+ 47.Kh4 Nf6 48.Be5 Qe3 49.Rxg7+ Kxg7
50.Bxf6+ Kh7 51.Bg5 Qe2 52.Bh3 Kg7 53.d6 Qe1+ 54.Kxh5 Qd1+ 55.Rg4 Kh7 56.Bf6 Qf3
57.Kg5 Qe3+ 58.Rf4 Qg3+ 59.Bg4 Qh2 60.Bf5+ Kg8 61.d7 Qg2+ 62.Rg4 Qd2+ 63.Kg6  1-0

[Event "InventiChess IM 2012"]
[Site "Antwerp BEL"]
[Date "2012.09.21"]
[Round "8.5"]
[White "De Schampheleire,G"]
[Black "Van Overdam,Jul"]
[Result "1-0"]
[WhiteElo "2275"]
[BlackElo "2242"]

1.d4 Nf6 2.c4 e6 3.g3 Bb4+ 4.Bd2 Qe7 5.Nf3 Nc6 6.Nc3 Bxc3 7.Bxc3 Ne4 8.Rc1 Nxc3
9.Rxc3 d6 10.Bg2 O-O 11.d5 Nb8 12.dxe6 fxe6 13.Nd4 a5 14.Ra3 e5 15.Nc2 Nc6
16.Qd2 Be6 17.Ne3 Qd7 18.O-O Bh3 19.Bxc6 bxc6 20.Rc1 a4 21.Qc2 c5 22.Qe4 Rab8
23.Rc2 Be6 24.Rd2 Qf7 25.f3 Rb4 26.b3 axb3 27.axb3 Rfb8 28.Rd3 Qd7 29.Ra7 Qc8
30.f4 exf4 31.gxf4 R4b7 32.Rxb7 Rxb7 33.f5 Bf7 34.Ng4 Ra7 35.Rg3 Qa8 36.Qe7 c6
37.Nh6+ Kh8 38.Nxf7+ Kg8 39.Nh6+ Kh8 40.Qe6 Qf8 41.Ng4 Qd8 42.f6 gxf6 43.Nh6  1-0

[Event "TCh-SRB Prem 2012"]
[Site "Valjevo SRB"]
[Date "2012.09.22"]
[Round "6.3"]
[White "Mastrovasilis,A"]
[Black "Vratonjic,S"]
[Result "0-1"]
[WhiteElo "2505"]
[BlackElo "2408"]

1.d4 Nf6 2.c4 e6 3.g3 Bb4+ 4.Bd2 Qe7 5.Bg2 Nc6 6.e3 O-O 7.Ne2 Bxd2+ 8.Qxd2 e5
9.d5 Nb8 10.d6 cxd6 11.Nbc3 d5 12.Nxd5 Nxd5 13.Bxd5 d6 14.Nc3 Nd7 15.Bg2 Nf6
16.O-O Be6 17.b3 a6 18.f4 g6 19.h3 h5 20.Rf2 Rad8 21.Raf1 exf4 22.exf4 d5
23.f5 Bc8 24.Qg5 Kg7 25.cxd5 Qe5 26.Ne2 Rde8 27.d6 Nh7 28.Qd2 Bxf5 29.Nf4 Nf6
30.Bxb7 Rd8 31.Rd1 Be4 32.Bxa6 Rfe8 33.Bc4 Bc6 34.Qd4 Qg5 35.Kh2 Re4 36.Qc3 h4
37.Rg1 Rxd6 38.gxh4 Qxh4 39.Rg3 Rxf4 40.Rxf4 Qxf4  0-1

[Event "TCh-SRB Prem w 2012"]
[Site "Valjevo SRB"]
[Date "2012.09.22"]
[Round "6.5"]
[White "Schleining,Z"]
[Black "Zarkovic,M"]
[Result "1-0"]
[WhiteElo "2340"]
[BlackElo "1993"]

1.d4 Nf6 2.c4 e6 3.g3 Bb4+ 4.Bd2 Qe7 5.Bg2 O-O 6.Nc3 c5 7.a3 Bxc3 8.Bxc3 cxd4
9.Qxd4 d6 10.Rd1 Rd8 11.Nh3 Nc6 12.Qh4 e5 13.O-O h6 14.f4 Bg4 15.Rde1 Bxh3
16.Qxh3 exf4 17.gxf4 Ne4 18.Bxe4 Qxe4 19.Qg2 Qxg2+ 20.Kxg2 d5 21.cxd5 Rxd5
22.Rd1 Rad8 23.Rxd5 Rxd5 24.Kf3 f5 25.Rg1 Nd4+ 26.Ke3 Ne6 27.h4 h5 28.Be5 Kf7
29.Rc1 g6 30.Rc8 Rd8 31.Rc4 Rd5 32.Ra4 a6 33.Rb4 b5 34.Rb3 Ke7 35.Rc3 Kd7
36.Rc1 Ke7 37.Rc6 a5 38.Ra6 a4 39.Rb6 Nf8 40.Bc3 Ne6 41.Rb7+ Kd6 42.Be5+ Kc6
43.Re7 Nf8 44.Rc7+ Kb6 45.Re7 Kc6 46.Re8 Nd7 47.Re6+ Kc5 48.Bc3 Kc4 49.Rxg6 Nc5
50.Be5 Ne4 51.Rh6 Rd2 52.Kf3 Kb3 53.Rxh5 b4 54.axb4 Rxb2 55.Bxb2 Kxb2 56.Rxf5 Nd2+
57.Kg4 Nc4 58.Rf8  1-0

[Event "Baku Open 2012"]
[Site "Baku AZE"]
[Date "2012.09.25"]
[Round "4.9"]
[White "Batsiashvili,N"]
[Black "Khenkin,I"]
[Result "1/2-1/2"]
[WhiteElo "2434"]
[BlackElo "2648"]

1.d4 Nf6 2.c4 e6 3.g3 Bb4+ 4.Bd2 Bxd2+ 5.Qxd2 O-O 6.Bg2 d5 7.Nf3 c6 8.O-O Nbd7
9.Qc2 Qe7 10.Nbd2 e5 11.cxd5 Nxd5 12.Nxe5 Nxe5 13.Bxd5 cxd5 14.dxe5 Bg4 15.Qc3 Bxe2
16.Rfe1 Bh5 17.Rac1 Qe6 18.Nb3 Rac8 19.Qe3 Qa6 20.a3 Rc4 21.Nc5 Qc6 22.Rxc4 dxc4
23.e6 Re8 24.e7 Bf3 25.Qd4 Qd5 26.Qxd5 Bxd5 27.Rd1 Bc6 28.Rd8 f6 29.Nxb7 Kf7
30.Nd6+ Kxe7 31.Rxe8+ Bxe8 32.Nxc4 Ke6 33.Ne3 Ke5 34.Kf1 Ke4 35.Ke2 Bb5+  1/2-1/2

[Event "TCh-SRB Prem w 2012"]
[Site "Valjevo SRB"]
[Date "2012.09.25"]
[Round "9.1"]
[White "Dimitrijevic,A"]
[Black "Zarkovic,M"]
[Result "1/2-1/2"]
[WhiteElo "2280"]
[BlackElo "1993"]

1.d4 Nf6 2.c4 e6 3.g3 Bb4+ 4.Bd2 Qe7 5.Bg2 Nc6 6.a3 Bxd2+ 7.Qxd2 O-O 8.e3 d6
9.Ne2 e5 10.d5 Nb8 11.Nbc3 Ng4 12.f3 Nh6 13.e4 f5 14.exf5 Nxf5 15.O-O Nd7
16.b4 Nf6 17.Rae1 Bd7 18.f4 Ng4 19.Nc1 Qf7 20.fxe5 Nxe5 21.Rxe5 dxe5 22.g4 Qg6
23.gxf5 Bxf5 24.Qe3 Rae8 25.Kh1 Qa6 26.Nb5 Re7 27.Nb3 Ref7 28.Re1 Qg6 29.Nc5 b6
30.Ne6 Be4 31.Qe2 Rf2 32.Qxf2 Rxf2 33.Bxe4 Qh6 34.Bg2 Qd2 35.Rg1 Rxg2 36.Rxg2 Qd1+
37.Rg1 Qf3+ 38.Rg2 Qf1+ 39.Rg1 Qf3+ 40.Rg2  1/2-1/2

[Event "21st TCh-CRO 1a 2012"]
[Site "Sibenik CRO"]
[Date "2012.09.26"]
[Round "4.43"]
[White "Sertic,Ru"]
[Black "Palac,M"]
[Result "0-1"]
[WhiteElo "2397"]
[BlackElo "2591"]

1.d4 Nf6 2.c4 e6 3.g3 Bb4+ 4.Bd2 Qe7 5.Bg2 Nc6 6.Nf3 Bxd2+ 7.Nbxd2 d6 8.O-O O-O
9.h3 e5 10.d5 Nb8 11.e4 a5 12.b3 Na6 13.a3 Bd7 14.Ne1 c6 15.dxc6 Bxc6 16.Nc2 b5
17.Ne3 Nc5 18.cxb5 Bxb5 19.Re1 Rfb8 20.Nf5 Qe6 21.Nf3 Ncxe4 22.Nd2 Nxf2 23.Nxg7 Nxh3+
24.Kh2 Ng4+ 25.Kxh3 Nf2+ 26.Kh2 Kxg7 27.Qh5 Qg4 28.Rxe5 dxe5 29.Qxe5+ f6
30.Qe7+ Kg6 31.Nf3 Re8 32.Qb7 Qd7 33.Nh4+ Kf7 34.Qf3 Ng4+ 35.Kh1 Rad8 36.Nf5 Be2
37.Qf4 Qd1+  0-1

[Event "TCh-SRB Prem w 2012"]
[Site "Valjevo SRB"]
[Date "2012.09.27"]
[Round "11.2"]
[White "Grabuzova,T"]
[Black "Zarkovic,M"]
[Result "1/2-1/2"]
[WhiteElo "2324"]
[BlackElo "1993"]

1.d4 Nf6 2.c4 e6 3.g3 Bb4+ 4.Bd2 Qe7 5.Bg2 Nc6 6.e3 e5 7.d5 Nb8 8.Nc3 O-O
9.a3 Bxc3 10.Bxc3 d6 11.Qc2 a5 12.Nf3 c6 13.dxc6 Nxc6 14.O-O Be6 15.c5 Rac8
16.Rad1 Rfd8 17.Rd2 Nd5 18.Rfd1 Nxc3 19.Qxc3 dxc5 20.Nxe5 Rxd2 21.Rxd2 Nxe5
22.Qxe5 b5 23.f4 Qf6 24.Qd6 Bg4 25.Qd5 g6 26.h3 Be6 27.Qd6 b4 28.Bb7 Re8
29.Bc6 Rc8 30.Bb7 Re8 31.Qxc5 bxa3 32.Qxa3 Bxh3 33.Kh2 Bf5 34.Qxa5 Rxe3 35.Qd8+ Qxd8
36.Rxd8+ Kg7 37.Rd2 Be6 38.Kg2 Rb3 39.Bf3 h5 40.Kf2 Kf6 41.Bd1 Rb4 42.Ke3 Bb3
43.Be2 Be6 44.Bd3 Bf5 45.Bf1 Rb3+ 46.Kf2 Be4 47.Be2 Rb4 48.Bd1 Bf5 49.b3 Be6
50.Rd3 h4 51.Kg2 h3+ 52.Kh2 g5 53.fxg5+ Kxg5 54.g4 Bxg4 55.Bxg4 Kxg4 56.Rg3+ Kf4
57.Rxh3 Ke5 58.Rc3 Kf4 59.Rh3  1/2-1/2

[Event "21st TCh-CRO 1a 2012"]
[Site "Sibenik CRO"]
[Date "2012.10.01"]
[Round "9.21"]
[White "Grachev,B"]
[Black "Fedorchuk,S"]
[Result "1/2-1/2"]
[WhiteElo "2672"]
[BlackElo "2646"]

1.d4 Nf6 2.c4 e6 3.g3 Bb4+ 4.Bd2 Bxd2+ 5.Qxd2 d5 6.Bg2 Nbd7 7.Nf3 c6 8.O-O b6
9.Rc1 O-O 10.cxd5 cxd5 11.Nc3 Bb7 12.Rc2 Qe7 13.Rac1 Rfc8 14.Ne5 h6 15.f4 Ne8
16.Nb5 Rxc2 17.Rxc2 a6 18.Nc3 Rc8 19.Nxd7  1/2-1/2

[Event "FSGM October 2012"]
[Site "Budapest HUN"]
[Date "2012.10.08"]
[Round "2.2"]
[White "Lalic,B"]
[Black "Kantor,G"]
[Result "1/2-1/2"]
[WhiteElo "2488"]
[BlackElo "2310"]

1.d4 Nf6 2.c4 e6 3.g3 Bb4+ 4.Bd2 c5 5.Bxb4 cxb4 6.Bg2 O-O 7.e4 d6 8.Ne2 e5
9.a3 bxa3 10.Nxa3 Nc6 11.O-O Re8 12.d5 Nb4 13.Nc2 Qb6 14.h3 Nd7 15.Nc3 Nc5
16.Nxb4 Qxb4 17.Nb5 Rd8 18.Qc2  1/2-1/2

[Event "12th Winterthurer Schachwoche"]
[Site "Winterthur SUI"]
[Date "2012.10.14"]
[Round "9"]
[White "Gleizerov,E"]
[Black "Eschmann,Pat"]
[Result "1-0"]
[WhiteElo "2564"]
[BlackElo "2122"]

1.d4 Nf6 2.c4 e6 3.g3 Bb4+ 4.Bd2 c5 5.Bxb4 cxb4 6.Bg2 O-O 7.e4 d6 8.Ne2 a5
9.O-O e5 10.a3 Na6 11.axb4 Nxb4 12.Nbc3 Bg4 13.f3 Be6 14.b3 Bd7 15.Kh1 Qb8
16.f4 Bg4 17.Nb5 exd4 18.Nbxd4 Re8 19.h3 Bd7 20.Nc3 Bc6 21.Re1 g6 22.Qd2 Nd7
23.Re3 Nc5 24.Rb1 Ra6 25.Ndb5 Bd7 26.Rb2 Rb6 27.Qd1 Bxb5 28.cxb5 Qc8 29.Bf1 d5
30.Nxd5 Nxd5 31.Qxd5 Rd8 32.Qc4 Rbd6 33.Kh2 Rd4 34.Qe2 b6 35.Bg2 Qd7 36.e5 Rd2
37.Rxd2 Qxd2 38.Qf3 Rd3 39.Rxd3 Nxd3 40.Qd5 Qe3 41.Qe4 Qxe4 42.Bxe4 Nc5 43.Bd5 Kf8
44.Kg2 Ke7 45.Kf3 h5 46.Ke3 Nd7 47.Kd4 Nc5 48.Bc4 Ke8 49.g4 hxg4 50.hxg4 Ke7
51.Kd5 Nd7 52.f5 gxf5 53.gxf5 Nc5 54.Kd4 f6 55.exf6+ Kd6 56.Be6 a4 57.f7 Ke7
58.bxa4 Nxa4 59.Kd5 Nc5 60.Kc6 Na4 61.Kc7 Kf8 62.Bb3 Nc5 63.Bc2  1-0

[Event "13th Liberec Open 2012"]
[Site "Liberec CZE"]
[Date "2012.10.20"]
[Round "1"]
[White "Sabuk,P"]
[Black "Svec,L"]
[Result "1-0"]
[WhiteElo "2173"]
[BlackElo "1819"]

1.d4 Nf6 2.c4 e6 3.g3 Bb4+ 4.Bd2 Be7 5.Bg2 c5 6.d5 exd5 7.cxd5 d6 8.a4 O-O
9.e4 Re8 10.Ne2 Bf8 11.f3 Na6 12.Qb3 Rb8 13.Na3 Bd7 14.O-O Qb6 15.Qxb6 axb6
16.Nc3 Nc7 17.Rfe1 Rbd8 18.Rab1 h6 19.b4 Rb8 20.b5 Rbd8 21.Nc4 Na8 22.f4 Bc8
23.e5 Nh7 24.h3 f5 25.e6 Nf6 26.Rbd1 Be7 27.Bc1 Kf8 28.Bb2 Nh5 29.Kh2 Bf6
30.Rd2 g6 31.Ra1 Bd4 32.Rad1 Nf6 33.Rxd4 cxd4 34.Rxd4 Ke7 35.Bf3 g5 36.Ne3 Bxe6
37.dxe6 Kxe6 38.Bxb7 g4 39.Ncd5 Ne4 40.hxg4 Kf7 41.Bc6 Rg8 42.Nxf5 Rg6 43.Rxe4  1-0

[Event "Copenhagen Cup IMB 2012"]
[Site "Copenhagen DEN"]
[Date "2012.10.21"]
[Round "8.3"]
[White "Rosenkilde,A"]
[Black "Rendboe,J"]
[Result "1/2-1/2"]
[WhiteElo "2260"]
[BlackElo "2233"]

1.d4 Nf6 2.c4 e6 3.g3 Bb4+ 4.Bd2 Bxd2+ 5.Qxd2 O-O 6.Bg2 d5 7.Nf3 b6 8.Nc3 Bb7
9.cxd5 exd5 10.O-O Nbd7 11.Rac1 Qe7 12.Qf4 c6 13.Rfe1 Rfe8 14.Nh4 g6 15.Nf3 Nf8
16.Ng5 h6 17.Nf3 Kg7 18.Qd2 Ne6 19.e3 Ne4 20.Qc2 Nf6 21.Qa4 c5 22.Red1 a6
23.dxc5 bxc5 24.Qa3 Rab8 25.Na4 Rbc8 26.b3 d4 27.Re1 dxe3 28.Rxe3 Nd5 29.Qb2+ Qf6
30.Qxf6+ Kxf6 31.Ree1 Nb4 32.Re2 Bxf3 33.Bxf3 Nd4 34.Rxe8 Rxe8 35.Kg2 Nxa2
36.Rxc5 Nb4 37.Rc4 Nxf3 38.Kxf3 Rb8 39.Nc5 Rb5 40.Ne4+ Ke6 41.Nc3 Rb6 42.Re4+ Kd6
43.Rd4+ Ke6 44.Na4 Rb5 45.Re4+ Kd6 46.Nc3 Rb6 47.Rd4+  1/2-1/2

[Event "13th Liberec Open 2012"]
[Site "Liberec CZE"]
[Date "2012.10.22"]
[Round "3"]
[White "Bulano,A"]
[Black "Dambrauskas,V"]
[Result "0-1"]
[WhiteElo "1766"]
[BlackElo "2328"]

1.d4 Nf6 2.c4 e6 3.g3 Bb4+ 4.Bd2 Qe7 5.Bg2 O-O 6.a3 Bxd2+ 7.Nxd2 c5 8.Ngf3 Nc6
9.e3 b6 10.O-O Bb7 11.Qc2 Rac8 12.Rac1 d6 13.Rfd1 cxd4 14.exd4 Rfd8 15.b4 e5
16.d5 Nb8 17.Ne4 Nbd7 18.Nfg5 Nxe4 19.Bxe4 Qxg5 20.Bxh7+ Kh8 21.Bf5 Rc7 22.Bxd7 Rdxd7
23.c5 dxc5 24.bxc5 bxc5 25.Qa4 Rd8 26.Qxa7 Rxd5  0-1

[Event "12th Sautron Open"]
[Site "Sautron FRA"]
[Date "2012.10.29"]
[Round "4.4"]
[White "Koziak,V"]
[Black "Drasko,M"]
[Result "1-0"]
[WhiteElo "2503"]
[BlackElo "2471"]

1.d4 e6 2.c4 Nf6 3.g3 Bb4+ 4.Bd2 a5 5.Bg2 d6 6.Nf3 Nbd7 7.O-O e5 8.Be3 exd4
9.Bxd4 O-O 10.Nc3 Qe7 11.Qc2 c6 12.Na4 Re8 13.e3 Bc5 14.Rad1 Ne4 15.Nd2 Nxd2
16.Qxd2 Ne5 17.b3 h5 18.Bxc5 dxc5 19.Qd6 Qxd6 20.Rxd6 h4 21.gxh4 Kf8 22.h3 Ng6
23.h5 Nh4 24.Rfd1 Rb8 25.h6 gxh6 26.Rxh6 Nxg2 27.Rh8+ Ke7 28.Rxe8+ Kxe8 29.Kxg2 b6
30.Kg3 Ke7 31.f3 Be6 32.Rd2 b5 33.Nxc5 bxc4 34.bxc4 Bxc4 35.Rc2 Bf1 36.Nb3 Rg8+
37.Kh2 a4 38.Nd4 c5 39.Nf5+ Ke6 40.Nh6 Rh8 41.Rxc5 f6 42.Kg1 Be2 43.Rc6+ Ke7
44.Nf5+ Kd7 45.Rd6+ Kc7 46.Kg2 Bc4 47.Rd4 Be6 48.e4 Bd7 49.h4 a3 50.Ne3 Be6
51.Kg3 Rg8+ 52.Kf4 Rh8 53.Nf5 Ra8 54.Rd2 Rb8 55.Nd4 Bf7 56.Rd3  1-0

[Event "39th ch-IND Premier w 2012"]
[Site "Jalgaon IND"]
[Date "2012.10.31"]
[Round "8.15"]
[White "Salini,R"]
[Black "Rajasurya,J"]
[Result "1/2-1/2"]
[WhiteElo "1858"]
[BlackElo "1941"]

1.d4 Nf6 2.c4 e6 3.g3 Bb4+ 4.Bd2 Bxd2+ 5.Qxd2 d5 6.Nf3 c6 7.Bg2 Nbd7 8.Na3 O-O
9.O-O b6 10.Rac1 Bb7 11.b4 Qe7 12.Qb2 a5 13.b5 Qb4 14.Rc2 cxb5 15.cxb5 Rfc8
16.Rb1 Rxc2 17.Nxc2 Qxb2 18.Rxb2 Ne4 19.Nce1 Rc8 20.Nd3 Rc4 21.h3 Nc3 22.e3 Ra4
23.Nc1 Rb4 24.Rxb4 axb4 25.Bf1 Nf6 26.Ne5 Nfe4 27.Nd7 Nd6 28.Nxb6 Bc8 29.Bd3 Kf8
30.Nxc8 Nxc8 31.Bc2 Nxb5 32.Nd3 Nb6 33.Nxb4 Nc4 34.Kf1 Nba3 35.Bd3 Ke7 36.Nc2 Nb1
37.Nb4 Nc3 38.Ke1 g6 39.Bxc4 dxc4 40.f3 Kd6 41.Kd2 Na4 42.Nc2 e5 43.Na3 exd4
44.Nb5+ Kc5 45.Nxd4 Nb6 46.Nc2 f5 47.Nd4 Kd5 48.Nb5 Kc5 49.Nd4 Kd5 50.Kc3 Kc5
51.Ne6+ Kb5 52.Nd4+ Kc5 53.Ne6+ Kb5 54.Nd4+ Kc5  1/2-1/2

[Event "TCh-NOR Eliteserien 2012-13"]
[Site "Haraldsheim NOR"]
[Date "2012.11.02"]
[Round "4"]
[White "Kvisvik,B"]
[Black "Nilsen,Jo"]
[Result "1-0"]
[WhiteElo "2316"]
[BlackElo "2229"]

1.d4 Nf6 2.c4 e6 3.g3 Bb4+ 4.Bd2 Qe7 5.Bg2 Nc6 6.Nf3 Bxd2+ 7.Nbxd2 O-O 8.O-O d6
9.e4 e5 10.d5 Nb8 11.b4 a5 12.a3 Na6 13.Ne1 Bg4 14.f3 Bd7 15.Nd3 c6 16.dxc6 bxc6
17.Qe2 Rab8 18.Rab1 Rb7 19.bxa5 Rfb8 20.Rxb7 Rxb7 21.c5 Be6 22.cxd6 Qxd6
23.Nxe5 Qxe5 24.Qxa6 Qc5+ 25.Kh1 Ra7 26.Qb6 Nd7 27.Qxc5 Nxc5 28.Rb1 Kf8 29.Rb6 Rxa5
30.Rxc6 Ke7 31.f4 Bd7 32.Nc4 Rxa3 33.Nxa3 Bxc6 34.e5 Bxg2+ 35.Kxg2 f6 36.Nc4 Ke6
37.Kf3 Nd7 38.Ke4 Nc5+ 39.Kd4 Nb3+ 40.Ke3 Nc5 41.exf6 Kxf6 42.g4 h6 43.Nd6 Ke7
44.Ne4 Ne6 45.f5 Nd8 46.Kf4 Nc6 47.h4 Kf7 48.Nd6+ Ke7 49.Nc4 Kf6 50.g5+ hxg5+
51.hxg5+ Ke7 52.Ne5 Nd8 53.Kg4 Kd6 54.Kf4 Ke7 55.Ke4 Nb7 56.Kd5 Nd6 57.Ng6+ Kd7
58.Ke5 Nf7+ 59.Kf4 Nd6 60.Kg4 Ke8 61.Nf4 Ke7 62.Nd5+ Kf7 63.g6+ Kf8 64.Kf4 Nc4
65.Ke4 Nd2+ 66.Kf4 Nc4 67.Nc7 Ke7 68.Kg5 Nd6 69.Kf4 Nc4 70.Nd5+ Kf8 71.Ke4 Nd2+
72.Ke5 Nf3+ 73.Kd6 Nd4 74.Ne3 Ke8 75.Kd5 Ne2 76.Ke5 Nc1 77.f6 Nd3+ 78.Ke4 Nc5+
79.Kd5 Nd7 80.fxg7 Nf6+ 81.Ke6 Ng8 82.Nf5 Ne7 83.Nxe7  1-0

[Event "TCh-CZE Extraliga 2012-13"]
[Site "Czech Republic CZE"]
[Date "2012.11.03"]
[Round "1.5"]
[White "Chytilek,R"]
[Black "Cvek,R"]
[Result "1/2-1/2"]
[WhiteElo "2397"]
[BlackElo "2541"]

1.d4 Nf6 2.c4 e6 3.g3 Bb4+ 4.Bd2 a5 5.Nf3 b6 6.Bg2 Bb7 7.O-O O-O 8.Bf4 Be7
9.Nc3 Ne4 10.Na4 d6 11.Nd2 Nxd2 12.Bxb7 Ra7 13.Qxd2 Rxb7 14.e4 Nd7 15.Be3 f5
16.Nc3 fxe4 17.Nxe4 Rb8 18.Rae1 h6 19.Qe2 Rf5 20.f4 Qe8 21.g4 Rf8 22.Bd2 Qf7
23.Ng3 Bf6 24.Bc3 c5 25.Qxe6 cxd4 26.Bd2 Nc5 27.Qxf7+ Rxf7 28.Nf5 Rd8 29.h4 Nd3
30.Re2 d5 31.b3 dxc4 32.bxc4 Nc5 33.Kg2 d3 34.Ree1 Bd4 35.Ne7+ Kf8 36.Ng6+ Kg8
37.Ne7+ Kf8 38.Ng6+ Kg8 39.Ne7+  1/2-1/2

[Event "39th ch-IND Premier w 2012"]
[Site "Jalgaon IND"]
[Date "2012.11.03"]
[Round "11.12"]
[White "Cholleti,S"]
[Black "Mokal,Amruta Sunil"]
[Result "1-0"]
[WhiteElo "2026"]
[BlackElo "2072"]

1.d4 Nf6 2.c4 e6 3.g3 Bb4+ 4.Bd2 Be7 5.Nf3 b6 6.Bg2 Bb7 7.O-O O-O 8.Nc3 d5
9.cxd5 exd5 10.Ne5 Na6 11.Qa4 Qe8 12.Qxe8 Rfxe8 13.Bg5 Rad8 14.Nb5 h6 15.Bd2 Bd6
16.f4 Ne4 17.Bxe4 dxe4 18.e3 c5 19.Nxd6 Rxd6 20.Bc3 Nc7 21.Rfd1 Red8 22.Rd2 Ba6
23.Rad1 c4 24.Bb4 Nd5 25.Bxd6 Rxd6 26.Re1 b5 27.a3 Bc8 28.a4 f6 29.axb5 fxe5
30.dxe5 Rd8 31.Red1 Bb7 32.Rd4 Kf7 33.Rxe4 Rc8 34.Red4 Rc5 35.e4 Ne7 36.Ra1 Rxb5
37.Rxa7 Nc6 38.Rd7+ Ke6 39.Raxb7 Rxb7 40.Rxb7 g6  1-0

[Event "12th Sautron Open"]
[Site "Sautron FRA"]
[Date "2012.11.03"]
[Round "9.6"]
[White "Gleizerov,E"]
[Black "Nguyen Chi Minh"]
[Result "1/2-1/2"]
[WhiteElo "2564"]
[BlackElo "2392"]

1.d4 Nf6 2.c4 e6 3.g3 Bb4+ 4.Bd2 Be7 5.Bg2 d5 6.Nf3 c6 7.Bf4 O-O 8.O-O b6
9.Nc3 Nbd7 10.Rc1 Bb7 11.cxd5 exd5 12.Qc2 Nh5 13.Bd2 f5 14.Ne5 Nxe5 15.dxe5 Qe8
16.Qb3 Kh8 17.Bf3 Rd8 18.Qa4 a6 19.Qb3 b5 20.Na4 g5 21.Nc5 Bxc5 22.Rxc5 g4
23.Bg2 Ng7 24.Bg5 Ne6 25.Bxd8 Nxc5 26.Qa3 Qxd8 27.Qxc5 Re8 28.f4 gxf3 29.Rxf3 Qe7
30.Qxe7 Rxe7 31.Rxf5 Kg7 32.b4 Bc8 33.Rf6 Bd7 34.Rd6 Be8 35.e6 Kf6 36.Bh3 Ra7
37.Rd8 Ke7 38.Rb8 a5 39.a3 h5 40.Bf5 axb4 41.axb4 Ra4 42.h3 Rxb4 43.g4 hxg4
44.hxg4 Rf4 45.Kg2 d4 46.Rc8 b4 47.Kg3 Rf1 48.Bd3 b3 49.g5 Bh5 50.Rc7+ Kd6
51.Rb7 Kxe6 52.Rxb3 Rg1+ 53.Kh4 Rh1+ 54.Kg3 Rg1+ 55.Kh4 Rh1+  1/2-1/2